| 000 | 00802nam a22002177a 4500 | ||
|---|---|---|---|
| 999 |
_c5646 _d5646 |
||
| 003 | AR-CdUCM | ||
| 008 | 190313b ||||| |||| 00| 0 spa d | ||
| 040 |
_aMUNICIPALIDAD PROVINCIAL DEL CUSCO _cBIBLIOTECA MUNICIPAL DEL CUSCO |
||
| 082 |
_a869.33 / _bH89 |
||
| 100 |
_aHuidobro, Vicente _916861 |
||
| 245 |
_aAntología : _bPrologo, selección, traducción y notas por Eduardo Anguita / |
||
| 260 |
_aChile : _bEditorial Zig Zag, _c1945. |
||
| 300 |
_a286 páginas ; _c20 cm. |
||
| 500 | _aDonación familia Luis Nieto | ||
| 505 | _aContenido: Las siete palabras del poeta -- Adán -- Arte poética -- El espejo de agua -- Tam -- Cow boy -- Tour Eiffel... | ||
| 650 |
_aObra de Vicente Huidobro _916862 |
||
| 650 |
_aPoesía _9139 |
||
| 650 |
_aChile _91150 |
||
| 942 |
_2ddc _cLIBROS |
||
| 945 | _adavv | ||